Naturaleza y vida social (3º).

Gespeichert in:
Bibliographische Detailangaben
1. Verfasser: Gimeno Guillén, RB. Autor, Director de Grupo Escolar
Format: keine Angabe
Sprache:Spanisch
Erschienen: Barcelona Anaya, S.A. 1966
Katalog:MANES:  Suchergebnis im Bibliothekskatalog
Schulbuchspezifische Eigenschaften:
Schriftenreihe:Libros Anaya de 1ª Enseñanza
Tags: Tag hinzufügen
Keine Tags, Fügen Sie den ersten Tag hinzu!
Hinzugefügt zu:26.04.2016
Geändert in:07.05.2025

MARC

LEADER 000000000a22000000004500
001 07706
003 OSt
005 20250507133321.0
008 160427s sp ||||| |||| 00| 0 spa d
040 |c centro_manes 
041 1 |a spa 
561 |5 es-CICE  |a España. Centro Internacional de la Cultura Escolar  |k MANES 
691 0 |a PRI 
100 1 |a Gimeno Guillén, RB. Autor, Director de Grupo Escolar  |9 3999 
245 0 0 |a Naturaleza y vida social (3º). 
260 3 |a Barcelona  |b Anaya, S.A.  |c 1966 
300 |a 171 p.  |c 25 x 19 cm 
440 |a Libros Anaya de 1ª Enseñanza  |9 3288 
500 |a EDAD:89 
690 0 |a CN 
942 |2 ddc  |c BK 
546 |a España 
999 |c 13680  |d 13680 
999 |c manes:13680  |d 13680